000 00728nam a22002177a 4500
999 _c168053
_d168053
005 20190925161744.0
010 _aENG-126548
020 _c625.00
_a9789353439835
035 _aEN-110080
037 _bDBAD/PUB
082 _a339
_212th
100 _aCase, karl E.
245 _aPrinciples Of Macroeconimcs /
_cBy Karl E. Case
260 _aNoida
_bPearson India education services pvt. ltd
_c2020
270 _bU.P
_a15th floor,tower-b,world trade tower ,plot no. 1,bllock -c,sector 16 Noida
_e201301
_mcompanysecretary.india@pearson.com
_k04466540100
300 _a473p.
_c27cm,(pbk)
500 _aincluding index
700 _aFair, Ray C.
700 _aOster, Sharon E.
942 _2ddc
_cEN
_h339
_mCAS